| 000 | 00562nam a2200217Ia 4500 | ||
|---|---|---|---|
| 008 | 160803s9999 xx 000 0 und d | ||
| 020 | _a9780439104739 | ||
| 100 | _aRyan, Pam Munoz | ||
| 245 | 2 | _aA Pinky is a baby mouse / | |
| 245 | _cPam Muñoz Ryan ; illustrated by Diane DeGroat. | ||
| 260 | _aNew York : | ||
| 260 | _bScholastic Inc. | ||
| 260 | _c1997 | ||
| 300 | _a1 volume (unpaged) : | ||
| 300 | _bcolor illustrations ; | ||
| 300 | _c26 cm | ||
| 650 | _aAnimal Names. | ||
| 650 | _aAnimals. | ||
| 650 | _aBaby Animals. | ||
| 700 | _a590 | ||
| 999 |
_c298141 _d298141 |
||